History Quiz

Random History or Europe Quiz

European Leaders Quiz Stats

 Plays Quiz not verified by Sporcle

Challenge
Share
Tweet
Embed
Score 0/27 Timer 06:00
0 Plays Today
Country Leader % Correct
FranceNicolas Sarkozy
81.9%
GermanyAngela Merkel
66.1%
ItalySilvio Berlusconi
60.6%
United KingdomGordon Brown
58.3%
SpainJosé Luis Zapatero
40.9%
NetherlandsJan Peter Balkenende
19.7%
DenmarkLars Løkke Rasmussen
18.1%
LuxembourgJean-Claude Juncker
17.3%
PolandDonald Tusk
16.5%
IrelandBrian Cowen
15.7%
PortugalJosé Sócrates
15%
BelgiumHerman Van Rompuy
14.2%
SwedenFredrik Reinfeldt
12.6%
GreeceGeorge Papandreou
10.2%
Country Leader % Correct
FinlandMatti Vanhanen
6.3%
EstoniaAndrus Ansip
4.7%
AustriaWerner Faymann
4.7%
Czech RepublicJan Fischer
3.9%
CyprusDimitris Christofias
3.1%
SlovakiaRobert Fico
2.4%
SloveniaBorut Pahor
2.4%
BulgariaBoyko Borisov
1.6%
MaltaLawrence Gonzi
1.6%
HungaryGordon Bajnai
1.6%
LithuaniaAndrius Kubilius
1.6%
LatviaValdis Dombrovskis
0.8%
RomaniaEmil Boc
0%

You're not logged in!

Compare scores with friends on all Sporcle quizzes.
Join for Free
OR
Log In

You Might Also Like...

Show Comments

Extras

Top Quizzes Today


Score Distribution

Your Account Isn't Verified!

In order to create a playlist on Sporcle, you need to verify the email address you used during registration. Go to your Sporcle Settings to finish the process.

Report this User

Report this user for behavior that violates our Community Guidelines.

Details: